Delimitation of maritime boundaries / (Record no. 3642)
[ view plain ]
| 000 -LEADER | |
|---|---|
| fixed length control field | 01043nam a22002655a 4500 |
| 001 - CONTROL NUMBER | |
| control field | 3642 |
| 003 - CONTROL NUMBER IDENTIFIER | |
| rucl marc code | BD-RjUL |
| 005 - DATE AND TIME OF LATEST TRANSACTION | |
| control field | 20211208233749.0 |
| 008 - FIXED-LENGTH DATA ELEMENTS--GENERAL INFORMATION | |
| fixed length control field | 160727s1991 bg 000 0 eng |
| 035 ## - SYSTEM CONTROL NUMBER | |
| System control number | (BD-RjUL)3676 |
| 040 ## - CATALOGING SOURCE | |
| Original cataloging agency | DLC |
| Transcribing agency | DLC |
| Language of cataloging | eng |
| Modifying agency | BD-RjUL |
| 041 ## - LANGUAGE CODE | |
| Language code of text/sound track or separate title | eng |
| 082 ## - DEWEY DECIMAL CLASSIFICATION NUMBER | |
| Edition number | 23 |
| Classification number | 341.448095492 |
| Author mark and year | RAD 1991 |
| 100 1# - MAIN ENTRY--PERSONAL NAME | |
| Personal name | Rahman, M. Habibur. |
| 9 (RLIN) | 11548 |
| 245 10 - TITLE STATEMENT | |
| Title | Delimitation of maritime boundaries / |
| Statement of responsibility, etc. | M. Habibur Rahman. |
| 250 ## - EDITION STATEMENT | |
| Edition statement | 1st ed. |
| 260 ## - PUBLICATION, DISTRIBUTION, ETC. (IMPRINT) | |
| Place of publication, distribution, etc. | Rajshahi, : |
| Name of publisher, distributor, etc. | N. M. Rahman Talukder, |
| Date of publication, distribution, etc. | 1991. |
| 300 ## - PHYSICAL DESCRIPTION | |
| Pagination | 310 p. ; |
| Size | 23 cm. |
| 500 ## - GENERAL NOTE | |
| General note | "Originally presented as the author's thesis (doctoral--University of Wales, Institute of Science and Technology, 1982) under the title: Delimitation of maritime boundaries with special reference to the Bangladesh-India situation." |
| 504 ## - BIBLIOGRAPHY, ETC. NOTE | |
| Bibliography, etc | Includes bibliographical references |
| 650 #1 - SUBJECT ADDED ENTRY--TOPICAL TERM | |
| Topical term or geographic name as entry element | Territorial waters |
| Geographic subdivision | Bangladesh. |
| 9 (RLIN) | 11549 |
| Topical term or geographic name as entry element | Economic zones (Law of the sea) |
| Geographic subdivision | Bangladesh. |
| 9 (RLIN) | 219217 |
| Topical term or geographic name as entry element | Territorial waters |
| Geographic subdivision | India. |
| 9 (RLIN) | 219218 |
| 942 ## - ADDED ENTRY ELEMENTS (KOHA) | |
| Source of classification or shelving scheme | Dewey Decimal Classification |
| Koha item type | Books |
| Lost status | Source of classification or shelving scheme | Damaged status | Not for loan | Collection code | Permanent Location | Current Location | Shelving location | Date acquired | Source of acquisition | Cost, normal purchase price | Total Checkouts | Full call number | Date last seen | Copy number | Koha item type |
|---|---|---|---|---|---|---|---|---|---|---|---|---|---|---|---|
| Dewey Decimal Classification | Non-fiction | Central Library, University of Rajshahi | Central Library, University of Rajshahi | 11/12/1991 | Habibur Rahman | 400.00 | 341.448095492 RAD 1991 | 19/12/2013 | C-3 | Books | |||||
| Dewey Decimal Classification | Non-fiction | Central Library, University of Rajshahi | Central Library, University of Rajshahi | 11/12/1991 | Habibur Rahman | 400.00 | 341.448095492 RAD 1991 | 19/12/2013 | C-7 | Books | |||||
| Dewey Decimal Classification | Non-fiction | Central Library, University of Rajshahi | Central Library, University of Rajshahi | 11/12/1991 | Habibur Rahman | 400.00 | 341.448095492 RAD 1991 | 21/12/2013 | C-8 | Books | |||||
| Dewey Decimal Classification | Non-fiction | Central Library, University of Rajshahi | Central Library, University of Rajshahi | 11/12/1991 | Habibur Rahman | 400.00 | 341.448095492 RAD 1991 | 27/07/2016 | C-2 | Books | |||||
| Dewey Decimal Classification | Non-fiction | Central Library, University of Rajshahi | Central Library, University of Rajshahi | 11/12/1991 | Habibur Rahman | 400.00 | 341.448095492 RAD 1991 | 28/07/2016 | C-4 | Books | |||||
| Dewey Decimal Classification | Non-fiction | Central Library, University of Rajshahi | Central Library, University of Rajshahi | 11/12/1991 | Habibur Rahaman,R.U. | 400.00 | 341.448095492 RAD 1991 | 30/07/2016 | C-5 | Books | |||||
| Dewey Decimal Classification | Non-fiction | Central Library, University of Rajshahi | Central Library, University of Rajshahi | 11/12/1991 | Habibur Rahaman,R.U. | 400.00 | 341.448095492 RAD 1991 | 30/07/2016 | C-6 | Books | |||||
| Dewey Decimal Classification | Non-fiction | Central Library, University of Rajshahi | Central Library, University of Rajshahi | 11/12/1991 | Habibur rahman, R.U. | 400.00 | 341.448095492 RAD 1991 | 06/10/2016 | C-9 | Books |